| 000 | 00000nam##2200000za#4500 |
| 001 | 9.638487 |
| 003 | CaOODSP |
| 005 | 20210624221715 |
| 007 | cr ||||||||||| |
| 008 | 150407|2001||||xxc|||||o f|0| 0 fre|d |
| 040 | |aCaOODSP|bfre |
| 043 | |an-cn--- |
| 086 | 1 |aNH15-447/2001F-PDF |
| 110 | 2 |aSociété canadienne d'hypothèques et de logement. |
| 245 | 10|aRattrapage éconergétique d'une ville : |h[ressource électronique]|bguide proposant aux municipalités des moyens de mettre en oeuvre un programme de rattrapage des bâtiments |
| 260 | |bSociété canadienne d'hypothèques et de logement |cc2001. |
| 300 | |a52p.|bfigures en couleur |
| 590 | |a11-05-Supp|b2011-03-15 |
| 775 | 08|tRetrofitting a city : |w(CaOODSP)9.693786 |
| 856 | 40|ahttp://publications.gc.ca|qPDF|s368 Ko|uhttps://publications.gc.ca/collections/collection_2011/schl-cmhc/NH15-447-2001-fra.pdf |